Plan nacional de transmisión

Gardado en:
Detalles Bibliográficos
Autor Principal: Arauz Flores, Gustavo Adolfo
Outros autores: Arias Avendaño, Jorge Fernando, Carvajal Lizano, Rafael Enrique
Formato: Libro
Publicado: San José, Costa Rica 1988
Materias:
Etiquetas: Engadir etiqueta
Sen Etiquetas, Sexa o primeiro en etiquetar este rexistro!

MARC

LEADER 00000nam a2200000Ia 4500
003 004663
005 20221231144343.0
008 140114s1988 cr a m 000 ||s d
040 |c cru CEDI 
090 |a TFG 2139 
100 |a Arauz Flores, Gustavo Adolfo  |9 13561 
245 |a Plan nacional de transmisión 
260 |c 1988  |a San José, Costa Rica 
300 |a  x, 345 hojas : ilustraciones ; 27 cm  
500 |a Proyecto de graduación (licenciatura en ingeniería eléctrica)--Universidad de Costa Rica. Facultad de Ingeniería. Escuela de Ingeniería Eléctrica 
650 |x PLAN NACIONAL DE TRANSMISION (COSTA RICA)  |x TELECOMUNICACIONES  |9 13564 
700 |9 13562  |a Arias Avendaño, Jorge Fernando 
700 |9 13563  |a Carvajal Lizano, Rafael Enrique 
942 |c TFG 
999 |c 20620  |d 20620